Music Quiz

Random Music or Album Quiz

Matt Costa 'Unfamiliar Faces' tracklist Quiz Stats

 Plays Quiz not verified by Sporcle

Also try: 'Song' Songs
Challenge
Share
Tweet
Embed
Score 0/12 Timer 03:00
0 Plays Today
% Correct
Lilacs
100%
Emergency Call
100%
Cigarette Eyes
100%
Never Looking Back
80%
Vienna
80%
Unfamiliar Faces
80%
Downfall
80%
Mr. Pitiful
80%
Bound
60%
Miss Magnolia
60%
Heart Of Stone
40%
Trying To Lose My Mind
20%

You're not logged in!

Compare scores with friends on all Sporcle quizzes.
Join for Free
OR
Log In

You Might Also Like...

Show Comments

Extras

Top Quizzes Today


Score Distribution

Your Account Isn't Verified!

In order to create a playlist on Sporcle, you need to verify the email address you used during registration. Go to your Sporcle Settings to finish the process.

Report this User

Report this user for behavior that violates our Community Guidelines.

Details: